Darts Spieler nach Bildern - #1 - Statistiken

Allgemein
  • Dieses Quiz wurde 256 mal gespielt
  • Das Durchschnittsergebnis liegt bei 12 aus 16
Antwortstatistiken
Bildquiz Antwort % Korrekt
Luke Humphries
99%
Michael Van Gerwen
96%
Gerwyn Price
94%
Stephen Bunting
94%
James Wade
93%
Dimitri van den Bergh
87%
Jonny Clayton
87%
Dave Chisnall
83%
Ryan Searle
83%
Florian Hempel
82%
William O'Connor
72%
Ryan Joyce
63%
Kai Gotthardt
62%
Leonard Gates
42%
Robert Thornton
38%
Eric Bristow
34%
Keine übereinstimmenden Quizze gefunden
Verteilung der Resultate
Anzahl Personen mit jedem Resultat
Perzentil nach korrekt beantworteten Fragen
Ihre Resultats-Entwicklung
Sie haben dieses Quiz noch nicht gespielt